LEADER 01108nas 22003733a 450 001 996199485203316 005 20210111030031.2 011 $a2150-492X 035 $a(OCoLC)65356659 035 $a(CKB)2670000000015222 035 $a(CONSER)--2009203392 035 $a(EXLCZ)992670000000015222 100 $a20060330a200u9999 --- a 101 0 $aeng 135 $aur||||||||||| 181 $ctxt$2rdacontent 182 $cc$2rdamedia 183 $acr$2rdacarrier 200 10$aFleet maintenance 210 $aHackensack, NJ $cCygnus Business Media 300 $aPublished: Ft. Atkinson, WI <2009-> 311 $a2150-4911 517 1 $aFleet maintenance magazine 606 $aTrucks$xMaintenance and repair$vPeriodicals 606 $aTrucks$xMaintenance and repair$2fast$3(OCoLC)fst01157862 608 $aPeriodicals.$2fast 610 $aAutomotive Engineering 615 0$aTrucks$xMaintenance and repair 615 7$aTrucks$xMaintenance and repair. 676 $a629.28 906 $aJOURNAL 912 $a996199485203316 996 $aFleet maintenance$92345551 997 $aUNISA LEADER 02089nam 22004573 450 001 9910915741903321 005 20231110221935.0 010 $a2-14-018245-6 035 $a(CKB)4100000011970789 035 $a(MiAaPQ)EBC6724463 035 $a(Au-PeEL)EBL6724463 035 $a(OCoLC)1273980417 035 $a(Exl-AI)6724463 035 $a(EXLCZ)994100000011970789 100 $a20211214d2021 uy 0 101 0 $afre 135 $aurcnu|||||||| 181 $ctxt$2rdacontent 182 $cc$2rdamedia 183 $acr$2rdacarrier 200 10$aRegard Critique Sur la Littérature Africaine. Huit Oeuvres Majeures Analysées 205 $a1st ed. 210 1$aParis :$cEditions L'Harmattan,$d2021. 210 4$d©2021. 215 $a1 online resource (273 pages) 225 1 $aHarmattan Burkina Faso 311 $a2-343-23202-4 330 $aThis book, 'Regard Critique sur la Littérature Africaine', by Sié Joël Palenfo, offers a critical analysis of eight major works in African literature. It aims to provide a systemic understanding of these works and their authors by examining narrative perspectives, character choices, stylistic nuances, and thematic elements. The book highlights the societal and existential questions raised by these works, emphasizing literature's role in cultural identity and social change. It addresses the decline in reading among youth and advocates for the preservation and appreciation of African literary heritage. The book is intended for educators, students, and anyone interested in African literary studies.$7Generated by AI. 410 0$aHarmattan Burkina Faso 606 $aAfrican literature$7Generated by AI 606 $aLiterary criticism$7Generated by AI 615 0$aAfrican literature. 615 0$aLiterary criticism. 700 $aPalenfo$b Sié Joël$01778335 801 0$bMiAaPQ 801 1$bMiAaPQ 801 2$bMiAaPQ 906 $aBOOK 912 $a9910915741903321 996 $aRegard Critique Sur la Littérature Africaine. Huit Oeuvres Majeures Analysées$94301173 997 $aUNINA